Power princess shining bright (ever after high) - lyrics - Statistics

General Stats
  • This quiz has been taken 6 times
  • The average score is 246 of 287
Answer Stats
Answer % Correct
A
100%
After
100%
And
100%
At
100%
Bright
100%
Brighter
100%
Burning
100%
Come
100%
Do
100%
Dont
100%
Down
100%
Ever
100%
Fire
100%
Fly
100%
Go
100%
Heart
100%
Hearts
100%
High
100%
Higher
100%
I
100%
In
100%
Is
100%
It
100%
It's
100%
Let
100%
My
100%
Our
100%
Own
100%
Power
100%
Princess
100%
See
100%
Shining
100%
The
100%
This
100%
To
100%
Wanna
100%
Way
100%
Alive
80%
Alone
80%
Around
80%
Be
80%
By
80%
Cant
80%
Cause
80%
Dreams
80%
Eyes
80%
Feeling
80%
Feeling's
80%
Flame
80%
For
80%
From
80%
Get
80%
Getting
80%
Got
80%
Have
80%
How
80%
I'm
80%
Just
80%
Limit
80%
Listen
80%
Lookin'
80%
Louder
80%
No
80%
Now
80%
Of
80%
Oh
80%
Play
80%
Shattered
80%
Sit
80%
Sky's
80%
Takin'
80%
Tower
80%
Up
80%
Wait
80%
We
80%
You
80%
Am
60%
Behind
60%
But
60%
Coming
60%
Could
60%
Didn't
60%
Everybody
60%
Fear
60%
Flashing
60%
Flight
60%
Game
60%
Gonna
60%
Hold
60%
Inside
60%
Know
60%
Lights
60%
Millions
60%
More
60%
Not
60%
Out
60%
Over
60%
Ready
60%
Rescued
60%
Ride
60%
Rise
60%
Says
60%
Shadows
60%
Show
60%
Side
60%
Soaring
60%
Standing
60%
Stronger
60%
Take
60%
That
60%
They
60%
They're
60%
Waiting
60%
We're
60%
World
60%
Fire's
40%
I'll
40%
Think
40%
We'll
40%
No matching quizzes found
Score Distribution
Percent of People with Each Score
Percentile by Number Answered
Your Score History
You have not taken this quiz